000 00667cab a2200241 4500
001 WB3047-19
008 090401t1994 xxu||||| |||| 00| 0 eng d
035 _a(Sirsi) u29843
041 _aeng
245 _aMOD urged to sell land
260 _c1994
350 _a0
490 _aFinancial Times
_v16 December 1994, 11(1)
520 _aThe House of Commons Defence Committee in "Defence Estate" (HMSO £11) calls for the MoD to sell most of its land.
650 _aDEFENCE ESTATE
650 _aDEFENCE LANDS
650 _aMINISTRY OF DEFENCE
650 _aPUBLIC LAND
650 _aSURPLUS LAND
690 _aLAND
942 _n0
948 _c04/03/1997
999 _c20076
_d20076